Cómo seleccionar colecciones de investigación para la digitalización
Uloženo v:
| Hlavní autoři: | , , |
|---|---|
| Korporativní autor: | |
| Médium: | Kniha |
| Jazyk: | španělština |
| Vydáno: |
Santiago
DIBAM
2000
Santiago CNCR 2000 |
| Vydání: | 1a. ed |
| Témata: | |
| Tagy: |
Přidat tag
Žádné tagy, Buďte první, kdo vytvoří štítek k tomuto záznamu!
|
MARC
| LEADER | 00000nam a2200000 a 4500 | ||
|---|---|---|---|
| 001 | UCK5375 | ||
| 003 | CL-VaPUC | ||
| 008 | 050722e20000000cl |||||||||||||||||spa|d | ||
| 020 | |a 9562441105 | ||
| 082 | 0 | 4 | |a 025.84 |b HAZ |2 21 |
| 100 | 0 | |a Hazen, Dan |e author |9 494134 | |
| 700 | 0 | |a Horrell, Jeffrey |e author |9 494135 | |
| 700 | 0 | |a Merrill-Oldham, Jan |e author |9 494136 | |
| 110 | 2 | |a IFLA |e author |9 494137 | |
| 245 | 1 | 0 | |a Cómo seleccionar colecciones de investigación para la digitalización |
| 250 | |a 1a. ed | ||
| 300 | |a 31 p | ||
| 942 | |c BK | ||
| 945 | |d 20050722 00:00:00 |a cmena | ||
| 260 | |a Santiago |b DIBAM |c 2000 | ||
| 260 | |a Santiago |b CNCR |c 2000 | ||
| 650 | 0 | |a Fuentes de información |9 337538 | |
| 650 | 7 | |a USUARIOS DE BIBLIOTECAS |2 CL-VaPUC |9 494138 | |
| 650 | 0 | |a Digitalización |9 494139 | |
| 650 | 7 | |a BIBLIOTECOLOGIA |2 CL-VaPUC |9 256929 | |
| 650 | 0 | |a Propiedad intelectual |9 256126 | |
| 583 | |a last modification |c 20171010 11:15:15 |k Rodrigo Vera | ||
| 999 | |c 313948 |d 313946 | ||
| 952 | |0 0 |1 0 |4 0 |6 025_840000000000000_HAZ_2000_2000 |7 0 |8 ? |9 385770 |a FDOBUD |b FDOBUD |d 2019-11-22 |i 1078550 |o 025.84 HAZ 2000 2000 |p 1078550 |r 2019-11-22 |w 2019-11-22 |y BK |k BUD | ||
| 952 | |0 0 |1 0 |4 0 |6 025_840000000000000_HAZ_2000_2000 |7 0 |8 X |9 385771 |a FDOMLP |b FDOMLP |d 2019-11-22 |i 4447905 |o 025.84 HAZ 2000 2000 |p 4447905 |r 2019-11-22 |w 2019-11-22 |y BK_X |k BU2 | ||
| 952 | |0 0 |1 0 |4 0 |6 025_840000000000000_HAZ_2000_2000 |7 0 |8 X |9 385772 |a FDOMLP |b FDOMLP |d 2019-11-22 |i 4447913 |o 025.84 HAZ 2000 2000 |p 4447913 |r 2019-11-22 |w 2019-11-22 |y BK_X |k BU2 | ||